Por si un día volvemos /
Kaydedildi:
| Yazar: | |
|---|---|
| Materyal Türü: | Kitap |
| Dil: | İspanyolca |
| Baskı/Yayın Bilgisi: |
México :
Planeta,
2025, c2025
|
| Seri Bilgileri: | (Autores Españoles e Iberoamericanos)
|
| Konular: | |
| Etiketler: |
Etiket eklenmemiş, İlk siz ekleyin!
|
MARC
| LEADER | 00000nam^a2200000^a^4500 | ||
|---|---|---|---|
| 001 | 000615678 | ||
| 005 | 20250815000000.0 | ||
| 009 | 20260310133706.34 | ||
| 020 | |a 978-607-39-2741-3 | ||
| 037 | |a Acervo ITESO - Biblioteca | ||
| 041 | |a ESP | ||
| 082 | |a 863. |b DUE | ||
| 100 | |a Dueñas, María |e (autor) | ||
| 245 | 1 | 0 | |a Por si un día volvemos / |c M. Dueñas. |
| 264 | 4 | |a México : |b Planeta, |c 2025, c2025 | |
| 300 | |a 536 p. | ||
| 336 | |a texto |b txt |2 rdacontenido | ||
| 337 | |a sin mediación |b n |2 rdamedio | ||
| 338 | |a volumen |b nc |2 rdasoporte | ||
| 440 | 1 | |a (Autores Españoles e Iberoamericanos) | |
| 545 | 0 | |a María Dueñas Vinuesa (1964), es una escritora española, hija de un economista; la mayor de ocho hermanos. En Madrid estudió Filología Inglesa y ha sido profesora en la Universidad de Murcia y en algunas universidades de Estados Unidos. Su obra literaria se cataloga dentro del género de la novela histórica; en ella refleja una realidad que, aunque sale de lo cotidiano, sus personajes son muy parecidos a personas comunes, con sus inconsecuencias e inseguridades, dentro de historias visualmente atractivas y llenas de plasticidad, con lo que pretende provocar que sus lectores se hagan cómplices de los personajes. Ha sido galardonada con el Premio Ciudad de Cartagena de Novela Histórica (2010) y con el Premio de Cultura de la Comunidad de Madrid (2011). Su primera novela El tiempo entre costuras (2009) logró un gran éxito y fue adaptada para una serie televisiva; ha escrito también: Misión olvido (2012); La templanza (2015) y Las hijas del capitán (2018). | |
| 649 | |a XX | ||
| 650 | |a Mujeres en la Literatura | ||
| 650 | |a Novela Histórica - |z España | ||
| 650 | |a Novela Española | ||
| 650 | |a Literatura Española - |y Siglo XXI | ||
| 650 | |a Literatura de Mujeres - |z España | ||
| 650 | |a Migración en la Literatura | ||
| 650 | |a Orán, Argelia en la Literatura | ||
| 650 | |a Argelia - |x Historia - |y 1870-1940 | ||
| 650 | |a Argelia - |x Historia - |y Siglo XX | ||
| 910 | |a Fondo General | ||
| 920 | |a Impresos - Libros | ||
| 930 | |a Colección General | ||
| 940 | |a Literatura | ||
| 905 | |a 101 | ||
| 901 | |a 616114-10 |b IT1 |c LIT |i D131896 |u 20250815 | ||
| 902 | |a https://opac.biblio.iteso.mx/vufind/Record/000615678 | ||